[Event "I Open B"]
[Site "Pedavena ITA"]
[Date "2005.08.04"]
[Round "2"]
[White "Solinas, Roberto"]
[Black "Ciet, Marco"]
[Result "1-0"]
[WhiteElo "1634"]
[BlackElo "1697"]
[PlyCount "124"]
[EventDate "2005.08.03"]

1. d4 Nf6 2. Nf3 g6 3. Nbd2 Bg7 4. e4 d6 5. Bd3 O-O 6. O-O Nbd7 7. c3 e5 8.
dxe5 Nxe5 9. Nxe5 dxe5 10. Qc2 Nh5 11. Nf3 Bg4 12. Be2 f5 13. h3 Nf4 14. Bc4+
Kh8 15. hxg4 fxg4 16. Nh2 h5 17. Bxf4 exf4 18. Rfd1 Qf6 19. e5 Qb6 20. Re1 Rae8
21. e6 Rf6 22. Rad1 Bf8 23. b4 a5 24. a3 c5 25. b5 Qc7 26. Rd7 Qc8 27. Qe4 Qxd7
28. exd7 Rxe4 29. Rxe4 Rd6 30. Rxf4 Be7 31. Nf1 Rxd7 32. Ne3 Rd2 33. g3 g5 34.
Rf7 Bd8 35. Rxb7 h4 36. gxh4 gxh4 37. Nxg4 Rc2 38. Rb8 Rd2 39. b6 Kg7 40. Rb7+
Kf8 41. Rf7+ Ke8 42. Nf6+ Bxf6 43. Rxf6 Rb2 44. Ba6 Kd7 45. b7 Kc7 46. Rf8 Rb6
47. b8=Q+ Rxb8 48. Rxb8 Kxb8 49. Kg2 Kc7 50. Kh3 Kd6 51. Bc4 Ke5 52. Kxh4 Kf4
53. Bd5 Ke5 54. c4 Kf4 55. Kh3 Ke5 56. Kg4 Kf6 57. Kf4 Kg6 58. Ke5 Kg5 59. f4+
Kg6 60. Ke6 Kg7 61. f5 Kf8 62. Kf6 Ke8 1-0

[Event "I Open B"]
[Site "Pedavena ITA"]
[Date "2005.08.04"]
[Round "2"]
[White "Tonus, Alex"]
[Black "Sommacal, Mandy"]
[Result "1/2-1/2"]
[WhiteElo "1702"]
[BlackElo "1643"]
[PlyCount "62"]
[EventDate "2005.08.03"]

1. e4 e5 2. Nf3 Nc6 3. Bc4 Bc5 4. c3 Nf6 5. d4 exd4 6. cxd4 Bb4+ 7. Nc3 Nxe4 8.
O-O Bxc3 9. d5 Ba5 10. dxc6 bxc6 11. Qa4 Bb6 12. Bxf7+ Kxf7 13. Qxe4 Ba6 14.
Re1 Kg8 15. Qf5 Bc4 16. b3 Bd5 17. Ba3 d6 18. Bb2 Qf8 19. Qg5 h6 20. Qg3 Qf7
21. Re2 Rh7 22. Rae1 g5 23. Re7 Qg6 24. Rxh7 Qxh7 25. h4 Bxf3 26. Qxf3 Rf8 27.
Qh3 Bxf2+ 28. Kh1 Bxe1 29. Qe6+ Rf7 30. Qxe1 Qf5 31. Qc3 Qf1+ 1/2-1/2

[Event "I Open B"]
[Site "Pedavena ITA"]
[Date "2005.08.04"]
[Round "2"]
[White "Trento, Giacomo"]
[Black "Manfrin, Giuseppe"]
[Result "1-0"]
[WhiteElo "1531"]
[BlackElo "1374"]
[PlyCount "91"]
[EventDate "2005.08.03"]

1. e4 d6 2. d4 Nf6 3. Nc3 c6 4. Nf3 Bg4 5. h3 Bh5 6. Qe2 Nbd7 7. g4 Bg6 8. e5
dxe5 9. dxe5 Nd5 10. Nxd5 cxd5 11. Nh4 e6 12. Nxg6 hxg6 13. f4 Qh4+ 14. Qf2
Qxf2+ 15. Kxf2 Bc5+ 16. Be3 d4 17. Bd2 d3+ 18. Be3 Bxe3+ 19. Kxe3 dxc2 20. Bg2
O-O 21. Rac1 f6 22. exf6 gxf6 23. Rxc2 Rab8 24. Rc7 Nb6 25. Bxb7 a6 26. Kf2 Rf7
27. Rxf7 Kxf7 28. Bxa6 Nd5 29. Kg3 Rxb2 30. Bc4 Rb4 31. Bxd5 exd5 32. Ra1 Ra4
33. h4 Ra3+ 34. Kg2 d4 35. Kf2 Rh3 36. a4 Rxh4 37. Kg3 g5 38. f5 Rh8 39. a5 d3
40. Kf2 Re8 41. a6 d2 42. a7 Kg7 43. Rb1 Ra8 44. Rb7+ Kh6 45. Ke2 Rd8 46. Kd1
1-0

[Event "I Open B"]
[Site "Pedavena ITA"]
[Date "2005.08.04"]
[Round "3"]
[White "Barazza, Remo"]
[Black "Belardinelli, Franco"]
[Result "0-1"]
[WhiteElo "1596"]
[BlackElo "1772"]
[PlyCount "102"]
[EventDate "2005.08.03"]

1. e4 e5 2. Nf3 Nf6 3. Nxe5 Nxe4 4. d4 d5 5. Be2 Bd6 6. Nf3 O-O 7. O-O Be6 8.
Re1 c6 9. Bd3 f5 10. Ng5 Bf7 11. Nxf7 Rxf7 12. f3 Qh4 13. f4 Bxf4 14. Bxf4 Qf2+
15. Kh1 Qxf4 16. Rf1 Nf2+ 17. Kg1 Nxd1 18. Rxf4 g6 19. b3 Re7 20. Kf1 Nd7 21.
Nd2 Nc3 22. a4 Rae8 23. Nf3 Nf6 24. Ne5 Nfe4 25. Re1 c5 26. Nf3 Nd2+ 27. Kf2
Nce4+ 28. Kg1 Nxf3+ 29. Rxf3 Nd2 30. Rxe7 Nxf3+ 31. gxf3 Rxe7 32. dxc5 a5 33.
Kf2 Kf7 34. Kg3 Kf6 35. Kf2 Rc7 36. Ke3 Rxc5 37. Kd4 b6 38. c3 Ke6 39. b4 axb4
40. cxb4 Rc1 41. a5 bxa5 42. bxa5 Kd6 43. a6 Ra1 44. f4 Ra4+ 45. Ke3 Kc5 46. h4
Ra3 47. h5 gxh5 48. Kd2 Rxd3+ 49. Kxd3 Kb6 50. a7 Kxa7 51. Kd4 h4 0-1

[Event "I Open B"]
[Site "Pedavena ITA"]
[Date "2005.08.04"]
[Round "3"]
[White "Chiesa, Roberto"]
[Black "Tonus, Alex"]
[Result "1/2-1/2"]
[WhiteElo "1682"]
[BlackElo "1702"]
[PlyCount "146"]
[EventDate "2005.08.03"]

1. d4 Nf6 2. c4 g6 3. Nc3 Bg7 4. e4 d6 5. f4 O-O 6. Nf3 c5 7. Be2 Bg4 8. Be3
Qa5 9. O-O cxd4 10. Nxd4 Bxe2 11. Qxe2 Nbd7 12. Nb3 Qd8 13. Rac1 b6 14. Nd2 a6
15. a3 Qc7 16. Nd5 Nxd5 17. cxd5 Qb7 18. b4 Rac8 19. Nb3 Rxc1 20. Rxc1 Rc8 21.
Qd2 e6 22. dxe6 fxe6 23. Rxc8+ Qxc8 24. Qxd6 Qc3 25. Qxe6+ Kh8 26. Kf2 Nf6 27.
Kf3 Qc2 28. Nd2 Qd1+ 29. Kf2 h5 30. h3 Qc2 31. Qc4 Qb2 32. e5 Ng8 33. Qxa6 Ne7
34. Qd3 Nf5 35. g4 Nxe3 36. Qxe3 Qc1 37. Kg2 Qd1 38. Nf3 Qc2+ 39. Qf2 Qb3 40.
Qxb6 Qxa3 41. Qd8+ Kh7 42. Ng5+ Kh6 43. Nf7+ Kh7 44. Ng5+ Kh6 45. Qd2 Bf8 46.
b5 Bb4 47. Qe2 Qc1 48. Qf1 Qd2+ 49. Qf2 Qd5+ 50. Nf3 Qxb5 51. g5+ Kg7 52. Qb2
Qc5 53. Qe2 Qe7 54. e6 Bd6 55. Qe4 Qa7 56. Qd4+ Qxd4 57. Nxd4 Bxf4 58. h4 Be3
59. Ne2 Kf8 60. Kf3 Bd2 61. Nf4 Ke7 62. Nxg6+ Kxe6 63. Nf4+ Kf5 64. Nxh5 Bxg5
65. Ng3+ Kg6 66. h5+ Kh6 67. Kg4 Bc1 68. Nf5+ Kh7 69. Nh4 Kh6 70. Nf3 Be3 71.
Nh4 Bc1 72. Nf5+ Kh7 73. Ng3 Kh6 1/2-1/2

[Event "I Open B"]
[Site "Pedavena ITA"]
[Date "2005.08.04"]
[Round "3"]
[White "Ciet, Marco"]
[Black "Paveglio, Mattia"]
[Result "0-1"]
[WhiteElo "1697"]
[BlackElo "1515"]
[PlyCount "86"]
[EventDate "2005.08.03"]

1. c4 e5 2. Nc3 Nf6 3. g3 Bc5 4. Bg2 c6 5. e3 d5 6. d4 exd4 7. exd4 Bb4 8. cxd5
cxd5 9. Nge2 Bg4 10. O-O O-O 11. Qb3 Bxc3 12. Nxc3 Qd7 13. Nxd5 Nxd5 14. Qxd5
Qxd5 15. Bxd5 Nc6 16. Bxc6 bxc6 17. Be3 Rab8 18. b3 h6 19. Rac1 Bf3 20. Rc3 Bd5
21. Bf4 Rbd8 22. Rc5 Rd7 23. Bc1 Rfd8 24. Re1 f5 25. Bb2 Rf7 26. Ra5 Kh7 27.
Ba3 Be4 28. Bc5 Rdd7 29. Re3 h5 30. f3 Bd5 31. Kf2 g5 32. Re8 f4 33. g4 hxg4
34. fxg4 Kg6 35. Ra8 Rh7 36. R8xa7 Rxh2+ 37. Kf1 Rxa7 38. Rxa7 Rh1+ 39. Kf2
Rh2+ 40. Kf1 Rb2 41. Bb4 Rc2 42. Be1 Bf3 43. Ra6 Be2+ 0-1

[Event "I Open B"]
[Site "Pedavena ITA"]
[Date "2005.08.04"]
[Round "3"]
[White "Fausone, Vincenzo"]
[Black "Bettini, Alessandro"]
[Result "0-1"]
[WhiteElo "1419"]
[BlackElo "1766"]
[PlyCount "58"]
[EventDate "2005.08.03"]

1. e4 c5 2. Nf3 g6 3. d4 cxd4 4. Nxd4 Bg7 5. c3 Nc6 6. Nxc6 bxc6 7. Nd2 Nf6 8.
Be2 O-O 9. O-O d5 10. exd5 cxd5 11. h3 Bb7 12. Nf3 Qc7 13. Be3 Rfe8 14. Qc2 e5
15. Rad1 d4 16. Qd2 dxe3 17. Qxe3 Nd5 18. Qd2 Rad8 19. Qg5 Bf6 20. Qc1 Nf4 21.
Rfe1 Nxe2+ 22. Rxe2 Rxd1+ 23. Qxd1 Bxf3 24. gxf3 Rd8 25. Qb3 Qd7 26. Kg2 Qd1
27. Rc2 Kg7 28. c4 Rd3 29. Rc3 Qxf3+ 0-1

[Event "I Open B"]
[Site "Pedavena ITA"]
[Date "2005.08.04"]
[Round "3"]
[White "Ferlini, Claudio"]
[Black "Giuliani, Andrea"]
[Result "0-1"]
[WhiteElo "1383"]
[BlackElo "1523"]
[PlyCount "104"]
[EventDate "2005.08.03"]

1. d4 e6 2. Nf3 d5 3. c4 Nf6 4. Bg5 Be7 5. Nc3 c6 6. e3 Nbd7 7. Bd3 b6 8. cxd5
cxd5 9. O-O Bb7 10. Rc1 Rc8 11. Qa4 Bc6 12. Bb5 Qc7 13. Rc2 Bxb5 14. Qxb5 Qc4
15. Rfc1 O-O 16. Qxc4 Rxc4 17. b3 Rcc8 18. Bf4 Ba3 19. Re1 Ne4 20. Nxe4 Rxc2
21. Ned2 Rfc8 22. e4 Rc1 23. exd5 exd5 24. Nb1 Rxe1+ 25. Nxe1 Be7 26. Bd2 Nf8
27. Nc3 Rd8 28. Nb5 a6 29. Nc7 Ne6 30. Nxe6 fxe6 31. Nf3 Rc8 32. a4 a5 33. g3
Rc2 34. Be3 Rc3 35. Nd2 Bb4 36. Kg2 Rxe3 37. fxe3 Bxd2 38. Kf3 Kf7 39. g4 Kg6
40. Kf2 Kg5 41. h3 Kh4 42. Kf3 g5 43. e4 Kxh3 44. e5 Bc3 45. Ke3 Kxg4 46. Kd3
Bb4 47. Ke3 h5 48. Kf2 Kh3 49. Kf3 g4+ 50. Kf2 g3+ 51. Kg1 Bc3 52. Kh1 g2+ 0-1

[Event "I Open B"]
[Site "Pedavena ITA"]
[Date "2005.08.04"]
[Round "3"]
[White "Foroni, Francesco"]
[Black "Binder, Andrea"]
[Result "1/2-1/2"]
[WhiteElo "1791"]
[BlackElo "1688"]
[PlyCount "70"]
[EventDate "2005.08.03"]

1. Nf3 Nf6 2. d4 g6 3. e3 Bg7 4. Be2 d6 5. c4 O-O 6. Nc3 c6 7. O-O Nbd7 8. b4
b6 9. a4 a6 10. Ba3 Bb7 11. Qb3 Rb8 12. Rfd1 c5 13. Rac1 Re8 14. Qc2 Qc7 15.
Qd2 Ne4 16. Nxe4 Bxe4 17. Bb2 Nf6 18. b5 axb5 19. cxb5 Ra8 20. Ra1 Red8 21.
Rdc1 h6 22. Ne1 e5 23. dxe5 dxe5 24. Qc3 Re8 25. a5 bxa5 26. Qxc5 Qxc5 27. Rxc5
Nd7 28. Rc7 Nb6 29. Bf3 Bxf3 30. Nxf3 e4 31. Bxg7 Kxg7 32. Nd4 a4 33. Ra3 Rac8
34. Rxc8 Rxc8 35. Nc6 f5 1/2-1/2

[Event "I Open B"]
[Site "Pedavena ITA"]
[Date "2005.08.04"]
[Round "3"]
[White "Giorgiutti, Jacopo"]
[Black "Buzzati, Francesco"]
[Result "0-1"]
[WhiteElo "1428"]
[BlackElo "1658"]
[PlyCount "68"]
[EventDate "2005.08.03"]

1. d4 g6 2. e4 Bg7 3. Nf3 d6 4. Nc3 Bg4 5. Bc4 Nf6 6. O-O Nc6 7. Be3 O-O 8. h3
Bxf3 9. Qxf3 Nd7 10. Rad1 Nb6 11. Bb3 Na5 12. Ne2 Nxb3 13. cxb3 c6 14. Rfe1 Qc7
15. Bf4 Rfe8 16. a4 e5 17. Be3 Rad8 18. b4 Nxa4 19. b3 Nb6 20. Rc1 Qe7 21. Red1
exd4 22. Bxd4 Qxe4 23. Qxe4 Rxe4 24. Bxg7 Kxg7 25. Ng3 Rxb4 26. Ra1 a6 27. Rd3
d5 28. Ne2 Nd7 29. Kh2 Nc5 30. Rc3 Ne4 31. Rf3 Re8 32. Ra4 Rxa4 33. bxa4 Nd2
34. Re3 Nf1+ 0-1

[Event "I Open B"]
[Site "Pedavena ITA"]
[Date "2005.08.04"]
[Round "3"]
[White "Manfrin, Giuseppe"]
[Black "Fabrello, Alessandro"]
[Result "0-1"]
[WhiteElo "1374"]
[BlackElo "1506"]
[PlyCount "110"]
[EventDate "2005.08.03"]

1. d4 d5 2. Nf3 e6 3. e3 Nf6 4. Bd3 Be7 5. Nbd2 Nbd7 6. O-O O-O 7. c3 Re8 8.
Re1 c5 9. b3 b6 10. e4 dxe4 11. Nxe4 Bb7 12. Bc2 Nxe4 13. Bxe4 Bxe4 14. Rxe4
Nf6 15. Re2 cxd4 16. Qxd4 Bc5 17. Qxd8 Raxd8 18. Bg5 Be7 19. Nd4 h6 20. Bh4 Nd5
21. Bxe7 Nxe7 22. a4 Rc8 23. Nb5 Red8 24. c4 a6 25. Nc3 Rd3 26. Re3 Rcd8 27.
Kf1 Rxe3 28. fxe3 Rd3 29. Rc1 Rxe3 30. Kf2 Rd3 31. Ke2 Rd4 32. Nd1 Nc6 33. c5
b5 34. axb5 axb5 35. Ke3 Kf8 36. Nf2 e5 37. Nd3 f6 38. b4 Ke7 39. Ra1 Kd7 40.
Ra6 Nxb4 41. Nxb4 Rxb4 42. Ra7+ Kc6 43. Rxg7 Kxc5 44. Rg6 f5 45. Rxh6 Re4+ 46.
Kd2 b4 47. Rh3 Rg4 48. g3 Rc4 49. Rh4 f4 50. gxf4 Rxf4 51. Rxf4 exf4 52. h4 f3
53. h5 f2 54. Ke2 b3 55. h6 b2 0-1

[Event "I Open B"]
[Site "Pedavena ITA"]
[Date "2005.08.04"]
[Round "3"]
[White "Merciari, Moreno"]
[Black "Solinas, Roberto"]
[Result "1-0"]
[WhiteElo "1715"]
[BlackElo "1634"]
[PlyCount "99"]
[EventDate "2005.08.03"]

1. e4 e6 2. d4 d5 3. exd5 exd5 4. Bd3 Nf6 5. Nf3 Bg4 6. O-O Be7 7. Bg5 O-O 8.
Nbd2 Nbd7 9. c3 c6 10. Qc2 Re8 11. Ne5 h6 12. Nxg4 Nxg4 13. Bxe7 Rxe7 14. Rfe1
Qf8 15. Rxe7 Qxe7 16. Nf3 Re8 17. Re1 Qd8 18. Qd2 Rxe1+ 19. Qxe1 Kf8 20. Bf5
Ngf6 21. Ne5 g6 22. Bxd7 Nxd7 23. Nxd7+ Qxd7 24. Qe5 Qe6 25. Qxe6 fxe6 26. f4
Ke7 27. Kf2 b6 28. Ke3 c5 29. dxc5 bxc5 30. b4 Kd6 31. Kd3 cxb4 32. cxb4 e5 33.
fxe5+ Kxe5 34. a4 d4 35. b5 Kd5 36. a5 g5 37. g4 Kc5 38. b6 axb6 39. axb6 Kxb6
40. Kxd4 Kc6 41. Ke5 Kc5 42. Kf5 Kd5 43. Kg6 Ke4 44. Kxh6 Kf4 45. h3 Kg3 46.
Kxg5 Kxh3 47. Kh5 Kg3 48. g5 Kf4 49. g6 Kf5 50. g7 1-0

[Event "I Open B"]
[Site "Pedavena ITA"]
[Date "2005.08.04"]
[Round "3"]
[White "Muscara', Ilaria"]
[Black "Cassol, Michele"]
[Result "1/2-1/2"]
[WhiteElo "1535"]
[BlackElo "1694"]
[PlyCount "103"]
[EventDate "2005.08.03"]

1. e4 e5 2. Nf3 Nc6 3. Bc4 Bc5 4. Nc3 d6 5. d3 Nf6 6. Be3 Bb6 7. Ne2 Qe7 8. Ng3
h6 9. Qe2 Bd7 10. O-O O-O-O 11. Bxb6 cxb6 12. c3 Kb8 13. d4 Rc8 14. Rfd1 g6 15.
dxe5 dxe5 16. Rd2 Rhd8 17. Rad1 Nh7 18. Bd3 Rc7 19. Bc2 Nf8 20. Rd5 f6 21. Qe3
Qg7 22. Ne1 Rcc8 23. f4 Ne6 24. fxe5 Nxe5 25. Nf3 Nc6 26. e5 Nxe5 27. Nxe5 fxe5
28. Qxe5+ Qxe5 29. Rxe5 Nf4 30. h3 Bc6 31. Rxd8 Rxd8 32. Ne2 Nxg2 33. Nd4 Nf4
34. Kh2 g5 35. Kg3 Rd7 36. h4 Rg7 37. Kg4 Bd7+ 38. Bf5 Bxf5+ 39. Rxf5 Nd3 40.
b4 gxh4+ 41. Kxh4 Rg2 42. Rf8+ Kc7 43. Rf7+ Kd6 44. Rxb7 Rxa2 45. Nb5+ Kc6 46.
Rxa7 Rxa7 47. Nxa7+ Kd5 48. Nc8 b5 49. Na7 Kc4 50. Kh5 Kxc3 51. Nxb5+ Kxb4 52.
Kxh6 1/2-1/2

[Event "I Open B"]
[Site "Pedavena ITA"]
[Date "2005.08.04"]
[Round "3"]
[White "Sommacal, Mandy"]
[Black "Trazzi, Enrico"]
[Result "1/2-1/2"]
[WhiteElo "1643"]
[BlackElo "1670"]
[PlyCount "87"]
[EventDate "2005.08.03"]

1. e4 g6 2. Bc4 c6 3. Nc3 d6 4. d3 Bg7 5. Be3 b5 6. Bb3 a5 7. a3 Nf6 8. Qc1 O-O
9. h3 Nbd7 10. Nf3 e6 11. Bh6 Qb6 12. Bxg7 Kxg7 13. Qf4 d5 14. e5 Ne8 15. Qh4
Nc7 16. Ne2 c5 17. c3 Ba6 18. d4 cxd4 19. Nexd4 Rab8 20. O-O b4 21. Rfc1 bxc3
22. Rxc3 Nb5 23. Rc6 Qa7 24. Rac1 Nxd4 25. Nxd4 Rfc8 26. Qf4 Qb7 27. Rxc8 Rxc8
28. Rxc8 Qxc8 29. Ba4 Nc5 30. Qf6+ Kg8 31. Nc6 Qb7 32. Qd8+ Kg7 33. Qxa5 Nxa4
34. Qxa4 Bb5 35. Na5 Qa6 36. Qb4 Be2 37. Nb3 Qd3 38. Qd2 Qa6 39. Nc5 Qb5 40. a4
Qxc5 41. Qxe2 Qc1+ 42. Kh2 Qf4+ 43. g3 Qxa4 44. Kg2 1/2-1/2

[Event "I Open B"]
[Site "Pedavena ITA"]
[Date "2005.08.05"]
[Round "4"]
[White "Belardinelli, Franco"]
[Black "Merciari, Moreno"]
[Result "1/2-1/2"]
[WhiteElo "1772"]
[BlackElo "1715"]
[PlyCount "77"]
[EventDate "2005.08.03"]

1. e4 e5 2. Nf3 Nc6 3. Bb5 d6 4. c3 Bd7 5. O-O Be7 6. Re1 Nf6 7. d3 O-O 8. Nbd2
a6 9. Bc4 b5 10. Bb3 Na5 11. Bc2 c5 12. Nf1 Rc8 13. Bd2 Nc6 14. Ng3 a5 15. b3
b4 16. c4 Re8 17. h3 h6 18. Be3 Be6 19. Nh2 Nh7 20. f4 exf4 21. Bxf4 Bg5 22.
Qd2 Nd4 23. Rf1 Qe7 24. Ne2 Nxe2+ 25. Qxe2 Bxf4 26. Rxf4 Rf8 27. Rf2 Nf6 28.
Nf1 Nd7 29. Ne3 Ne5 30. Raf1 Qg5 31. Nf5 Bxf5 32. Rxf5 Qe7 33. Qe3 Nc6 34. Bd1
Rc7 35. Qg3 Qe6 36. Rf6 Qe5 37. R6f3 Qxg3 38. Rxg3 Re7 39. Rgf3 1/2-1/2

[Event "I Open B"]
[Site "Pedavena ITA"]
[Date "2005.08.05"]
[Round "4"]
[White "Binder, Andrea"]
[Black "Sommacal, Mandy"]
[Result "1/2-1/2"]
[WhiteElo "1688"]
[BlackElo "1643"]
[PlyCount "98"]
[EventDate "2005.08.03"]

1. Nf3 Nc6 2. c4 e5 3. d3 Nf6 4. Nc3 d6 5. g3 Be7 6. Bg2 O-O 7. O-O h6 8. a3 a5
9. b3 Be6 10. Bb2 Qd7 11. Qc2 Bh3 12. e3 Bxg2 13. Kxg2 Qg4 14. Rad1 Rfe8 15.
Nd5 Bd8 16. h3 Qg6 17. Nxf6+ Bxf6 18. Nd2 Bd8 19. Bc3 h5 20. Kh2 Re6 21. Nf3
Qh7 22. Rg1 Rh6 23. Qe2 Kf8 24. e4 g5 25. Bd2 Rg6 26. Be3 g4 27. Nh4 Bxh4 28.
gxh4 Ke7 29. hxg4 hxg4 30. Rxg4 Rag8 31. Rdg1 Kd8 32. Qf3 Ke7 33. Kh3 Nd8 34.
Rxg6 Rxg6 35. Rxg6 Qxg6 36. Qg4 Ne6 37. h5 Qxg4+ 38. Kxg4 Kf6 39. b4 axb4 40.
axb4 b6 41. b5 Nf8 42. f4 Nd7 43. h6 Nf8 44. d4 exf4 45. Kxf4 Ne6+ 46. Kg4 Kg6
47. e5 dxe5 48. dxe5 Nf8 49. Bg5 Ne6 1/2-1/2

[Event "I Open B"]
[Site "Pedavena ITA"]
[Date "2005.08.05"]
[Round "4"]
[White "Bisaro, Andrea"]
[Black "Ciet, Marco"]
[Result "0-1"]
[WhiteElo "1431"]
[BlackElo "1697"]
[PlyCount "77"]
[EventDate "2005.08.03"]

1. d4 Nf6 2. c4 g6 3. Nc3 Bg7 4. e4 d6 5. Nf3 Nbd7 6. g3 O-O 7. h4 e5 8. d5 Nc5
9. Bg5 h6 10. Bxf6 Qxf6 11. Be2 a5 12. h5 Bg4 13. Nh4 gxh5 14. Bxg4 hxg4 15.
Nf5 Qg5 16. Qe2 Kh7 17. Kf1 Kg6 18. Nxg7 Kxg7 19. Kg2 Kg6 20. Rh4 h5 21. f3
gxf3+ 22. Qxf3 f5 23. Rah1 fxe4 24. Qe2 e3 25. Nd1 Rh8 26. Nxe3 Rhf8 27. g4 Rf4
28. R4h3 e4 29. Kg3 Rf3+ 30. Kg2 Rxh3 31. Rxh3 Qf4 32. Kh1 h4 33. Ng2 Qf6 34.
Qe1 Kf7 35. Nxh4 Nd3 36. g5 Qf4 37. g6+ Kg7 38. Nf5+ Qxf5 39. Qg3 0-1

[Event "I Open B"]
[Site "Pedavena ITA"]
[Date "2005.08.05"]
[Round "4"]
[White "Buzzati, Francesco"]
[Black "Foroni, Francesco"]
[Result "0-1"]
[WhiteElo "1658"]
[BlackElo "1791"]
[PlyCount "94"]
[EventDate "2005.08.03"]

1. e4 Nc6 2. d4 d5 3. e5 Bf5 4. Bd3 Nxd4 5. Bxf5 Nxf5 6. Nf3 e6 7. O-O Bc5 8.
c4 c6 9. cxd5 cxd5 10. Qd3 Qd7 11. a3 Nge7 12. b4 Bb6 13. a4 a6 14. Bd2 Nc6 15.
Na3 Bc7 16. Rfe1 O-O 17. b5 axb5 18. Nxb5 Ba5 19. Bxa5 Rxa5 20. Ng5 Qe7 21. Nf3
Rfa8 22. Qb3 Qb4 23. Qxb4 Nxb4 24. Rec1 g6 25. g4 Nh6 26. h3 Rxa4 27. Rxa4 Rxa4
28. Rc7 Nd3 29. Rxb7 Rb4 30. Nd6 Rxb7 31. Nxb7 Kf8 32. Kg2 Ng8 33. Kg3 Ne7 34.
Na5 h6 35. h4 Ke8 36. h5 Kd7 37. Nb3 gxh5 38. gxh5 Nf5+ 39. Kg2 Ng7 40. Nbd2
Nxh5 41. Nf1 Nhf4+ 42. Kg3 Ng6 43. Ne3 Ndxe5 44. Ng4 Nxg4 45. Kxg4 Ke7 46. Kh5
Nf4+ 47. Kxh6 Nd3 0-1

[Event "I Open B"]
[Site "Pedavena ITA"]
[Date "2005.08.05"]
[Round "4"]
[White "Cassol, Michele"]
[Black "Capizzi, Biagio"]
[Result "0-1"]
[WhiteElo "1694"]
[BlackElo "1578"]
[PlyCount "120"]
[EventDate "2005.08.03"]

1. e4 c5 2. Nf3 d6 3. d4 cxd4 4. Nxd4 Nf6 5. Nc3 g6 6. Bc4 Bg7 7. Be3 Nc6 8. h3
O-O 9. O-O Bd7 10. Kh1 a6 11. a4 Rc8 12. Be2 Ne5 13. f4 Nc4 14. Bc1 Qb6 15. Nb3
Be6 16. Qd3 Na5 17. Nd2 Nd7 18. Qf3 Rc6 19. f5 Bc4 20. Nxc4 Nxc4 21. Nd5 Qd8
22. c3 Ndb6 23. Nb4 Rc8 24. Qd3 Ne5 25. Qg3 Qd7 26. a5 Na4 27. Bd2 Nc5 28. fxg6
hxg6 29. Qe3 Nb3 30. Rab1 Nxa5 31. Qb6 Nac4 32. Qf2 Nxd2 33. Nd5 Rc6 34. Nb4
Rcc8 35. Nd5 Rb8 36. Qa7 Nxb1 37. Rxb1 Nc6 38. Qf2 b5 39. Ra1 a5 40. Bg4 e6 41.
Qd2 Ne5 42. Ne3 Nxg4 43. Nxg4 Qc7 44. Rd1 Rfd8 45. Qf4 Qd7 46. Rd3 b4 47. c4 a4
48. Qd2 b3 49. Qc1 a3 50. bxa3 b2 51. Qb1 Qc7 52. Ne3 Qa5 53. Nc2 d5 54. exd5
exd5 55. Kh2 dxc4 56. Rg3 Be5 57. Ne3 Bxg3+ 58. Kxg3 Qe5+ 59. Kf2 Qf4+ 60. Ke2
Ra8 0-1

[Event "I Open B"]
[Site "Pedavena ITA"]
[Date "2005.08.05"]
[Round "4"]
[White "Fabrello, Alessandro"]
[Black "De Colle, Camillo"]
[Result "1-0"]
[WhiteElo "1506"]
[BlackElo "1661"]
[PlyCount "147"]
[EventDate "2005.08.03"]

1. d4 d5 2. Nf3 Bf5 3. e3 e6 4. Bd3 Bxd3 5. cxd3 Na6 6. O-O Nf6 7. Re1 Be7 8.
Nc3 O-O 9. a3 c5 10. e4 cxd4 11. Nxd4 e5 12. Nf5 d4 13. Nd5 Nxd5 14. exd5 Bf6
15. d6 Nc5 16. Qg4 Ne6 17. Bd2 Kh8 18. Rac1 g6 19. Ng3 Qxd6 20. Bb4 Qd5 21.
Bxf8 Rxf8 22. Ne4 Bg7 23. Qh4 f5 24. Ng5 Nxg5 25. Qxg5 Bf6 26. Qd2 e4 27. Qb4
Rf7 28. Rc5 Qd7 29. Qb3 e3 30. fxe3 dxe3 31. Rd5 Qe7 32. d4 f4 33. Qd1 Qe4 34.
Qf3 Qxf3 35. gxf3 Rc7 36. Rc5 Rd7 37. d5 Bd4 38. Rc8+ Kg7 39. Re2 b6 40. Kf1 a5
41. b3 Rxd5 42. Rec2 Bc5 43. Rc7+ Kh6 44. Rf7 Rd4 45. Rc4 Rd1+ 46. Ke2 Rd2+ 47.
Ke1 Rxh2 48. Rfxf4 g5 49. Rg4 Rf2 50. b4 axb4 51. axb4 Bf8 52. Rc6+ Kh5 53. Re4
Rxf3 54. Rxb6 Rf4 55. Rxf4 gxf4 56. Ke2 Kg4 57. Rb8 Be7 58. b5 Bc5 59. Rg8+ Kf5
60. Kf3 h5 61. Rc8 Bd6 62. b6 h4 63. b7 e2 64. Kxe2 Kg4 65. Rg8+ Kh3 66. Kf3
Kh2 67. Rh8 h3 68. b8=Q Bxb8 69. Rxb8 Kg1 70. Kxf4 h2 71. Kg3 h1=N+ 72. Kf3 Kh2
73. Rb2+ Kh3 74. Rg2 1-0

[Event "I Open B"]
[Site "Pedavena ITA"]
[Date "2005.08.05"]
[Round "4"]
[White "Giuliani, Andrea"]
[Black "Chiesa, Roberto"]
[Result "1/2-1/2"]
[WhiteElo "1523"]
[BlackElo "1682"]
[PlyCount "39"]
[EventDate "2005.08.03"]

1. f4 Nf6 2. Nf3 c5 3. e3 g6 4. b3 Bg7 5. Bb2 O-O 6. Be2 d6 7. O-O Nc6 8. a3
Qc7 9. Nc3 a6 10. a4 Nb4 11. Na2 Nbd5 12. c4 Nb6 13. Qc2 Bf5 14. Bd3 Bxd3 15.
Qxd3 d5 16. Qc2 dxc4 17. bxc4 Rfd8 18. Rab1 Nc8 19. Be5 Nd6 20. Nc3 1/2-1/2

[Event "I Open B"]
[Site "Pedavena ITA"]
[Date "2005.08.05"]
[Round "4"]
[White "Paveglio, Mattia"]
[Black "Schenal, Giacomo"]
[Result "1/2-1/2"]
[WhiteElo "1515"]
[BlackElo "1670"]
[PlyCount "101"]
[EventDate "2005.08.03"]

1. b3 d5 2. Bb2 Nc6 3. e3 Nf6 4. c4 e6 5. Nf3 Bb4 6. a3 Bd6 7. Nc3 a6 8. Qc2
dxc4 9. Bxc4 b5 10. Bd3 Ne5 11. Nxe5 Bxe5 12. f4 Bd6 13. Ne4 Bb7 14. Nxf6+ gxf6
15. Be4 Bxe4 16. Qxe4 c5 17. Rd1 Ke7 18. d4 c4 19. d5 Qb6 20. dxe6 fxe6 21.
bxc4 bxc4 22. Rb1 Qa5+ 23. Ke2 Rac8 24. Ba1 Qxa3 25. Rb7+ Rc7 26. Rxc7+ Bxc7
27. Qxc4 Rc8 28. Qd4 e5 29. Qe4 Qa2+ 30. Kf3 Qf7 31. Qf5 Qd5+ 32. Kf2 Qd2+ 33.
Kf3 Qd5+ 34. Kf2 Rh8 35. Qc2 Qd6 36. Rd1 Qb6 37. Rc1 Bd6 38. Rd1 Bc5 39. Qd3
Bd6 40. Rb1 Qc6 41. Qf5 Qd5 42. Qc2 exf4 43. Re1 fxe3+ 44. Rxe3+ Kf7 45. Rc3
Qd4+ 46. Kf1 Qd5 47. Rf3 Be5 48. Bxe5 Qxe5 49. Qc4+ Qe6 50. Qc7+ Qe7 51. Qc4+
1/2-1/2

[Event "I Open B"]
[Site "Pedavena ITA"]
[Date "2005.08.05"]
[Round "4"]
[White "Solinas, Roberto"]
[Black "Cocuzzi, Edoardo"]
[Result "0-1"]
[WhiteElo "1634"]
[BlackElo "1689"]
[PlyCount "64"]
[EventDate "2005.08.03"]

1. d4 d5 2. Nf3 Bf5 3. e3 a6 4. c4 e6 5. Nc3 Nf6 6. cxd5 Nxd5 7. Be2 Be7 8. O-O
O-O 9. Ne5 c5 10. Bd2 cxd4 11. exd4 Nb4 12. Be3 Bf6 13. Nf3 N8c6 14. a3 Nc2 15.
Rc1 N2xd4 16. b4 Nxe2+ 17. Nxe2 Qxd1 18. Rfxd1 Bb2 19. Rc4 Rfd8 20. Rxd8+ Rxd8
21. Ng3 Bxa3 22. h4 Bd3 23. Rg4 f5 24. Rg5 h6 25. Rh5 Bxb4 26. Bxh6 gxh6 27.
Rxh6 Bc4 28. h5 Bd2 29. Rg6+ Kh7 30. Rf6 Kg7 31. Rg6+ Kf7 32. Nh4 Ne7 0-1

[Event "I Open B"]
[Site "Pedavena ITA"]
[Date "2005.08.05"]
[Round "4"]
[White "Tonus, Alex"]
[Black "Barazza, Remo"]
[Result "1-0"]
[WhiteElo "1702"]
[BlackElo "1596"]
[PlyCount "38"]
[EventDate "2005.08.03"]

1. e4 c5 2. Nf3 e6 3. d4 cxd4 4. Nxd4 Nf6 5. Nc3 d6 6. Bc4 Nc6 7. Be3 Be7 8.
Qe2 Bd7 9. O-O-O a6 10. g4 e5 11. Nf5 Bxf5 12. gxf5 h5 13. h3 Qc7 14. Bb3 b5
15. Rhg1 Rh7 16. Rg5 b4 17. Na4 Nxe4 18. Rxh5 Rxh5 19. Qxh5 Bf8 1-0

[Event "I Open B"]
[Site "Pedavena ITA"]
[Date "2005.08.05"]
[Round "4"]
[White "Trazzi, Enrico"]
[Black "Trento, Giacomo"]
[Result "1-0"]
[WhiteElo "1670"]
[BlackElo "1531"]
[PlyCount "31"]
[EventDate "2005.08.03"]

1. c4 e5 2. Nc3 Nf6 3. Nf3 Nc6 4. g3 d5 5. cxd5 Nxd5 6. d3 f6 7. Bg2 Be6 8. O-O
Qd7 9. d4 O-O-O 10. dxe5 Nxe5 11. Nxe5 fxe5 12. Bg5 Nxc3 13. bxc3 Qxd1 14.
Rfxd1 Rxd1+ 15. Rxd1 h6 16. Rd8# 1-0